Most Expensive Football Transfers by Year (2010-2019) - Statistics

General Stats
  • This quiz has been taken 47 times
  • The average score is 10 of 10
Answer Stats
Year Fee From: To: Nationality Answer % Correct
2013 €100m Tottenham Hotspur Real Madrid Welsh Gareth Bale
100%
2015 €75m Wolfsburg Manchester City Belgian Kevin De Bruyne
100%
2018 €180m Monaco Paris Saint-Germain French Kylian Mbappé
100%
2014 €82.3m Liverpool Barcelona Uruguayan Luis Suárez
100%
2017 €222m Barcelona Paris Saint-Germain Brazilian Neymar
100%
2016 €105m Juventus Manchester United French Paul Pogba
100%
2011 €58.5m Liverpool Chelsea Spanish Fernando Torres
95%
2019 €126m Benfica Atlético Madrid Portuguese João Félix
95%
2012 €42m Milan Paris Saint-Germain Brazilian Thiago Silva
83%
2010 €40m Valencia Barcelona Spanish David Villa
81%
No matching quizzes found
Score Distribution
Percent of People with Each Score
Percentile by Number Answered
Your Score History
You have not taken this quiz